000 00631nam a2200241Ia 4500
003 OSt
005 20220918174333.0
006 a|||||r|||| 00| 0
007 ta
008 220917b |||||||| |||| 00| 0 eng d
024 _a11,634
037 _cTextual
040 _aARTS
_cARTS
_beng
041 _2eng
_aeng
082 _a/\:36, F4
100 _aDasGupta Surendranath
245 0 _aYoga as philosophy and religion
260 _aDelhi
_bMotilal Basnarsidass
_c1924
300 _ax,200p.
_ccm.
650 _aSPIRITUALISM
942 _h/\:36, F4
_cTEXL
_2CC
999 _c152722
_d152722